000 00814nam a2200277Ia 4500
001 Z_6866
003 CHAP
008 220113s9999 xx 000 0 und d
010 _a170140
020 _a978-0-07-353498-5 \ 0-07-353498-6 (papel alcalino)
040 _cCHAP
082 _a519.5 B58
100 _aBluman, Allan G.
_9146192
245 _aElementary statistics : a step by step approach : a brief version /
_cAllan G. Bluman
250 _a9a ed.
260 _aEstados Unidos de América :
_bMcGraw-Hill Education,
_c
300 _a817 p.
503 _aej.1: 270837 \ ej.2: 270838 \ ej.3: 272158 \ ej.4: 272157 \ ej.5: 272156
650 _aEstadística
_x
_x Libros de texto
_9146193
901 _a519.5 B58
902 _aM
910 _a
942 _c1
942 _cc1
999 _c170140
_d170140